The magic school bus plants seeds : (Record no. 2857)

MARC details
000 -LEADER
fixed length control field 01338pam a2200349 a 4500
005 - DATE AND TIME OF LATEST TRANSACTION
control field 20240117161132.0
020 ## - INTERNATIONAL STANDARD BOOK NUMBER
International Standard Book Number 0590222961 :
Terms of availability $2.50
040 ## - CATALOGING SOURCE
Original cataloging agency DLC
Transcribing agency DLC
Modifying agency DLC
Language of cataloging eng
050 00 - LIBRARY OF CONGRESS CALL NUMBER
Classification number QK661.R45
Item number 1995
082 00 - DEWEY DECIMAL CLASSIFICATION NUMBER
Classification number 582.03
100 1# - MAIN ENTRY--PERSONAL NAME
Personal name Relf, Patricia
245 14 - TITLE STATEMENT
Title The magic school bus plants seeds :
Remainder of title a book about how living things grow /
Statement of responsibility, etc. based on the episode from the animated TV series produced by Scholastic Productions, Inc. ; based on The magic school bus series written by Joanna Cole and illustrated by Bruce Degen.
250 ## - EDITION STATEMENT
Edition statement First Scholastic printing, February 1995
260 ## - PUBLICATION, DISTRIBUTION, ETC.
Place of publication, distribution, etc. New York :
Name of publisher, distributor, etc. Scholastic ,
Date of publication, distribution, etc. 1995
300 ## - PHYSICAL DESCRIPTION
Extent 25 unnumbered pages :
Other physical details color illustrations ;
Dimensions 21 cm.
490 ## - SERIES STATEMENT
Series statement The Magic School Bus TV Tie-In
505 ## - FORMATTED CONTENTS NOTE
Formatted contents note G <br/>
520 ## - SUMMARY, ETC.
Summary, etc. Miss Frezzle's class plants a garden and travels via the magic school bus inside a flower.
521 ## - TARGET AUDIENCE NOTE
Target audience note 420 <br/>
Source Lexile <br/>
521 ## - TARGET AUDIENCE NOTE
Target audience note G <br/>
Source Raz-Plus <br/>
650 #0 - SUBJECT ADDED ENTRY--TOPICAL TERM
Topical term or geographic name entry element Seeds
General subdivision Juvenile literature.
650 #0 - SUBJECT ADDED ENTRY--TOPICAL TERM
Topical term or geographic name entry element Pollination
General subdivision Juvenile literature.
650 #0 - SUBJECT ADDED ENTRY--TOPICAL TERM
Topical term or geographic name entry element Plant life cycles
General subdivision Juvenile literature.
650 #0 - SUBJECT ADDED ENTRY--TOPICAL TERM
Topical term or geographic name entry element Flowers
General subdivision Juvenile literature.
650 #1 - SUBJECT ADDED ENTRY--TOPICAL TERM
Topical term or geographic name entry element Seeds.
650 #1 - SUBJECT ADDED ENTRY--TOPICAL TERM
Topical term or geographic name entry element Plants.
700 1# - ADDED ENTRY--PERSONAL NAME
Personal name Cole, Joanna.
700 1# - ADDED ENTRY--PERSONAL NAME
Personal name Speirs, John.
906 ## - LOCAL DATA ELEMENT F, LDF (RLIN)
a 7
b cbc
c orignew
d 1
e ocip
f 19
g y-gencatlg
942 ## - ADDED ENTRY ELEMENTS (KOHA)
Source of classification or shelving scheme Dewey Decimal Classification
Koha item type Books
Suppress in OPAC No
999 ## -
-- 2857
-- 2857
Holdings
Withdrawn status Lost status Source of classification or shelving scheme Damaged status Not for loan Collection Home library Current library Shelving location Date acquired Total Checkouts Full call number Barcode Date last seen Date last checked out Price effective from Koha item type
    Dewey Decimal Classification     Non-Fiction Footprints International School Library Network Toul Kork Campus Footprints International School Library Network Toul Kork Campus   01/17/2024 1 REL 582.03 QK661.R45 FISBK05111 02/05/2024 01/29/2024 01/17/2024 Books